Loafers - BoyWithUke - Statistics

General Stats
  • This quiz has been taken 105 times
  • The average score is 332 of 455
Answer Stats
Lyrics % Correct
I
98%
(I
98%
my
97%
My
97%
a
93%
lost
90%
Lost
90%
on
90%
so
90%
the
88%
you
88%
be
86%
be)
86%
I'm
84%
it
84%
we
84%
dreams
83%
in
83%
keys
83%
me
83%
melatonin
83%
open
83%
to
83%
To
83%
your
83%
all
81%
an
81%
'cause
81%
'Cause
81%
front
81%
It's
81%
it's
81%
loafers
81%
see
81%
street
81%
windows
81%
but
79%
But
79%
(But
79%
(but
79%
keep
79%
TV
79%
with
79%
you're
79%
been
78%
broken
78%
feet
78%
same
78%
You're
78%
you're
78%
doors
76%
live
76%
sofa
76%
And
74%
and
74%
eyes
74%
long
74%
though
74%
beneath
72%
meant
72%
out
72%
without
72%
can
71%
Watchin'
71%
wearin'
71%
we're
71%
Kinda
69%
passed
69%
thought
69%
Watchin'
69%
wearin'
69%
awkward
67%
between
67%
can't
67%
fantasies
67%
fly
67%
go
67%
just
67%
time
67%
are
66%
DVD's
66%
health
66%
night
66%
sad
66%
sippin'
66%
songs
66%
what's
66%
'em
64%
put
64%
sing
64%
thoughts
64%
wasted
64%
make
62%
read
62%
tea
62%
that
62%
up
62%
weren't
62%
Weren't
62%
(Weren't
62%
back
60%
frustratin'
60%
I've
60%
Restless
60%
stay
60%
wrong
60%
believe
59%
dance
59%
frustratin'
59%
gave
59%
kava
59%
Close
57%
good
57%
Je
57%
je
57%
embedded
55%
feel
55%
futon
55%
okay)
55%
friend
53%
how
53%
let
53%
Let
53%
okay
53%
pain
53%
treated
53%
for
52%
say
52%
then
52%
goodbye
50%
Let's
50%
of
50%
songbirds
50%
friends
48%
mind
48%
they
48%
give
47%
more
47%
Oh
47%
situation
47%
suis
47%
than
47%
times
47%
understand
47%
best
45%
butterflies
45%
could
45%
de
45%
know
45%
temporarily)
45%
awful
43%
paradise
43%
state
43%
temporarily
43%
troublé
43%
guy
41%
like
41%
rempli
41%
romantic
41%
still
41%
stuck
41%
known
40%
Once
40%
until
40%
wait
40%
from
36%
tristesse
36%
enough
34%
I'll
34%
lone
34%
soul
34%
such
34%
guess
33%
et
31%
should
31%
felt
29%
Since
29%
home
28%
make-believe
28%
No matching quizzes found
Score Distribution
Percent of People with Each Score
Percentile by Number Answered
Your Score History
You have not taken this quiz